000 00308nam a2200133Ia 4500
008 191201s1995 xx 000 0 und d
100 _aVENKATARMAN,G
245 0 _aSaha and his Formula
250 _a1st
260 _aN. Delhi
_bUniversity Press
_c1995
300 _a194
650 _aApplied
942 _2ddc
_cBK
999 _c689
_d689